Tietz Textbook of clinical chemistry and molecular diagnostics (Record no. 16669)

000 -LEADER
fixed length control field 00363nam a22001457a 4500
003 - CONTROL NUMBER IDENTIFIER
control field OSt
005 - DATE AND TIME OF LATEST TRANSACTION
control field 20170105103447.0
008 - FIXED-LENGTH DATA ELEMENTS--GENERAL INFORMATION
fixed length control field 131204t xxu||||| |||| 00| 0 eng d
020 ## - INTERNATIONAL STANDARD BOOK NUMBER
International Standard Book Number 81-312-0041-8
040 ## - CATALOGING SOURCE
Transcribing agency ASAB
100 ## - MAIN ENTRY--PERSONAL NAME
Personal name Carl A. Burtis
9 (RLIN) 398
245 ## - TITLE STATEMENT
Title Tietz Textbook of clinical chemistry and molecular diagnostics
250 ## - EDITION STATEMENT
Edition statement 4th Ed.
942 ## - ADDED ENTRY ELEMENTS (KOHA)
Source of classification or shelving scheme
Koha item type Book
Holdings
Withdrawn status Lost status Source of classification or shelving scheme Damaged status Not for loan Permanent Location Current Location Date acquired Total Checkouts Full call number Barcode Date last seen Date last checked out Price effective from Koha item type
          Atta-ur-Rahman School of Applied Biosciences (ASAB) Atta-ur-Rahman School of Applied Biosciences (ASAB) 12/04/2013 3 616.07 BUR ASAB495 08/17/2018 02/22/2016 12/04/2013 Book
© 2023 Central Library, National University of Sciences and Technology. All Rights Reserved.